000 00477nam a2200181Ia 4500
005 20250508151148.0
008 008 250505s9999 xx 000 0 eng d
037 _aTextual
040 _aFEDL
_beng
_cFEDL
041 _aeng
_2eng
084 _a573, SAH
_qFEDL
100 _aSahni M R
245 0 _aMan in evolution
260 _aBombay, India
_bOrient Longman Pvt. Ltd.
_c1952
300 _ax,271p.
942 _cTEXL
_h573, SAH
999 _c1327985
_d1327985